000 00740nam a2200205 i 4500
001 130539
003 ES-MaACL
005 20250810093054.0
007 t|
008 070731s1920 sp ||||1| spa d
100 1 _aZarandieta Mirabent, Enrique.
_9118041
245 1 3 _aEl menor en nuestro derecho /
_cEnrique Zarandieta Mirabent.
260 _aMadrid :
_bEditorial Reus,
_c1920.
300 _a76 p. ;
_c23 cm.
490 1 _aBiblioteca de la Revista General de Legislación y Jurisprudencia ;
_v21
650 1 7 _aAdministración de justicia de menores
_2embne
_9143338
830 0 _aBiblioteca de la Revista General de Legislación y Jurisprudencia ;
_v21
_9182870
852 _aES-MaACL
_j1646-F-11
999 _c130539
_d130539